Ley sobre bases generales del medio ambiente
Salvato in:
| Ente Autore: | |
|---|---|
| Natura: | Libro |
| Lingua: | spagnolo |
| Pubblicazione: |
Valparaíso
Dirección General del Territorio Marítimo y de Marina Mercante
1995
|
| Serie: | Público, TM-070
|
| Soggetti: | |
| Tags: |
Aggiungi Tag
Nessun Tag, puoi essere il primo ad aggiungerne!!
|
MARC
| LEADER | 00000nam a2200000 a 4500 | ||
|---|---|---|---|
| 001 | UCM9146 | ||
| 003 | CL-VaPUC | ||
| 008 | 030411e19950000CL |||||||||||||||||spa|d | ||
| 082 | 0 | 4 | |a 344.046 |b ARM |2 21 |
| 110 | 2 | |a Armada de Chile |e author |9 475560 | |
| 245 | 1 | 0 | |a Ley sobre bases generales del medio ambiente |
| 300 | |a 43 p | ||
| 942 | |c BK | ||
| 945 | |d 20030411 00:00:00 |a cmena | ||
| 260 | |a Valparaíso |b Dirección General del Territorio Marítimo y de Marina Mercante |c 1995 | ||
| 600 | 0 | 7 | |a COMISION NACIONAL DEL MEDIO AMBIENTE |2 CL-VaPUC |9 368444 |
| 650 | 0 | |a Medio ambiente |9 257625 | |
| 650 | 0 | |a Derecho ambiental |9 257835 | |
| 650 | 0 | |a Ecología |9 258124 | |
| 650 | 7 | |a CONTAMINACION |2 CL-VaPUC |9 258139 | |
| 650 | 0 | |a Recurso de protección |9 255487 | |
| 650 | 0 | |a Protección del medio ambiente |9 257626 | |
| 651 | 7 | |a CHILE |2 CL-VaPUC |9 475561 | |
| 583 | |a last modification |c 20161004 05:04:50 |k Rodrigo Vera | ||
| 490 | 0 | |a Público, TM-070 | |
| 999 | |c 303522 |d 303520 | ||
| 952 | |0 0 |1 0 |4 0 |6 344_046000000000000_ARM_1995 |7 0 |8 CCM |9 364872 |a BIBCUR |b BIBCUR |d 2019-11-21 |i 3894738 |o 344.046 ARM 1995 |p 3894738 |r 2025-04-22 |w 2019-11-21 |y BK |k CIM | ||